|
|
|
|
| LEADER |
01234nam a2200337 a 4500 |
| 001 |
000008157 |
| 003 |
CZ BrMZK |
| 005 |
20170116135343.0 |
| 008 |
940530s1994 xr f cze d |
| 015 |
|
|
|a cnb000086893
|
| 020 |
|
|
|a 80-7084-091-9
|c 20.00
|
| 040 |
|
|
|a BOA001
|b cze
|
| 041 |
1 |
|
|a cze
|h ger
|
| 072 |
|
7 |
|a 631
|x Zemědělství. Pedologie. Agrotechnika. Agroekologie
|2 Konspekt
|9 24
|
| 080 |
|
|
|a 631.812
|2 MRF
|
| 100 |
1 |
|
|a Berner, Alfred
|7 ola2014812901
|4 aut
|
| 245 |
1 |
0 |
|a Ošetřování a využití hnoje /
|c Alfred Berner ; přeložil Jindřich Kvapilík
|
| 260 |
|
|
|a Praha :
|b Agrospoj,
|c 1994
|
| 300 |
|
|
|a 47 s. :
|b il., grafy
|
| 490 |
1 |
|
|a Ekologické zemědělství ;
|v 2
|
| 500 |
|
|
|a Přeloženo z němčiny
|
| 550 |
|
|
|a Vydavatel: Ministerstvo zemědělství České republiky
|
| 650 |
0 |
7 |
|a chlévská mrva
|7 ph316235
|2 czenas
|
| 655 |
|
7 |
|a studie
|7 fd133597
|2 czenas
|
| 700 |
1 |
|
|a Kvapilík, Jindřich,
|d 1945-
|7 ola2006329925
|4 trl
|
| 710 |
1 |
|
|a Česko.
|b Ministerstvo zemědělství
|7 kn20010725025
|
| 830 |
|
0 |
|a Ekologické zemědělství
|
| 910 |
|
|
|a BOA001
|b X-0999.284
|
| 990 |
|
|
|a BK
|
| 991 |
|
|
|b 201701
|
| 996 |
7 |
|
|b 2610009052
|c X-0999.284
|l MZK
|r Sklad / do 24 hodin
|n 5
|p p.v.
|w 000008157
|u 000010
|a 1
|e BOA001
|j MZK50
|s A
|